000 03150nam a22006497a 4500
003 OSt
005 20230629105828.0
008 230629b |||||||| |||| 00| 0 eng d
040 _cNIRUC
_dNIRUC
042 _apcc
043 _af-nr---
050 0 0 _aPR9387.9
_b.A35 2013
100 1 _aAdichie, Chimamanda Ngozi,
_d1977-
_eauthor.
245 1 0 _aAmericanah /
_cChimamanda Ngozi Adichie.
250 _a1st ed.
260 _aLondon Bridge Estate;
_b4th ESTATE. London,
_c2013.
264 1 _aNew York :
_bAlfred A. Knopf,
_c2013.
264 4 _c2013
300 _a477p. ;
_c18cm.
336 _atext
_btxt
_2rdacontent
337 _aunmediated
_bn
_2rdamedia
338 _avolume
_bnc
_2rdacarrier
520 _aNotes on Grief is an exquisite work of meditation, remembrance, and hope, written in the wake of Chimamanda Ngozi Adichie's beloved father's death in the summer of 2020. As the COVID-19 pandemic raged around the world, and kept Adichie and her family members separated from one another, her father succumbed unexpectedly to complications of kidney failure. Expanding on her original New Yorker piece, Adichie shares how this loss shook her to her core. She writes about being one of the millions of people grieving this year; about the familial and cultural dimensions of grief and also about the loneliness and anger that are unavoidable in it.
600 1 0 _aAdichie, Chimamanda Ngozi,
_d1977-
_xFamily.
600 1 7 _aAdichie, Chimamanda Ngozi
_d1977-
_2fast
_0(OCoLC)fst01911391
648 7 _a2000-2099
_2fast
650 0 _aGrief.
650 0 _aBereavement
_xPsychological aspects.
650 0 _aFathers
_xDeath
_xPsychological aspects.
650 0 _aAuthors, Nigerian
_y21st century
_vBiography.
650 0 _aFathers and daughters
_zNigeria
_vBiography.
650 0 _aWomen authors, Nigerian
_vBiography.
650 7 _aBIOGRAPHY & AUTOBIOGRAPHY / Personal Memoirs.
_2bisacsh
650 7 _aFAMILY & RELATIONSHIPS / Death, Grief, Bereavement.
_2bisacsh
650 7 _aBIOGRAPHY & AUTOBIOGRAPHY / Cultural, Ethnic & Regional / African American & Black.
_2bisacsh
650 7 _aAuthors, Nigerian.
_2fast
_0(OCoLC)fst00822247
650 7 _aBereavement
_xPsychological aspects.
_2fast
_0(OCoLC)fst00830669
650 7 _aFamilies.
_2fast
_0(OCoLC)fst01728849
650 7 _aFathers and daughters.
_2fast
_0(OCoLC)fst00921890
650 7 _aFathers
_xDeath
_xPsychological aspects.
_2fast
_0(OCoLC)fst00921870
650 7 _aGrief.
_2fast
_0(OCoLC)fst00947883
650 7 _aWomen authors, Nigerian.
_2fast
_0(OCoLC)fst01177302
650 7 _aGrief.
_2sears
650 7 _aFather-daughter relationship.
_2sears
650 7 _aNigerians.
_2sears
651 7 _aNigeria.
_2fast
_0(OCoLC)fst01205229
655 0 _aBiography.
655 7 _aAutobiographies.
_2fast
_0(OCoLC)fst01919894
655 7 _aBiographies.
_2fast
_0(OCoLC)fst01919896
655 7 _aEssays.
_2fast
_0(OCoLC)fst01919922
655 7 _aAutobiographies.
_2lcgft
655 7 _aEssays.
_2lcgft
655 7 _aBiographies.
_2lcgft
700 _aMilla Soler, Carlos; Damour, Anne; Grube, Anette
_eTranslator
906 _a7
_bcbc
_cpccadap
_d2
_encip
_f20
_gy-gencatlg
942 _2lcc
_cBK
_n0
999 _c346
_d346